Statistics for Dewey Decimal System

Click here to take the quiz!

General Stats

  • This quiz has been taken 6,174 times
  • The average score is 6 of 10

Answer Stats

# Category % Correct
800Literature
88%
500Pure Science
88%
900History & geography
88%
700Arts & recreation
60%
200Religion
48%
000General works, Computer science and Information
48%
100Philosophy and psychology
45%
400Language
44%
300Social sciences
31%
600Technology
28%

Score Distribution

Percentile by Number Answered

Percent of People with Each Score

Your Score History

You have not taken this quiz